000 00273nam a22001217a 4500
008 170322b xxu||||| |||| 00| 0 eng d
041 _aalb
080 _a616.8
100 _a7
101 _aSHM
245 _aGODITJET NE KOKE DHE PASOJAT E TYRE
_cFURXHI, S
942 _2udc
_cBK
999 _c8387
_d8387